000 00594nam a22002057a 4500
003 OSt
005 20140310182020.0
008 130731t xxu||||| |||| 00| 0 eng d
020 _a9716300565
050 _aQL 673
_b.P295 1999
082 _aFIL 570.9
_bP27 1999
100 _aPaterno, Maria Elena
_97029
245 _aA first look at the Philippine birds /
_cMaria Elena Paterno.
260 _aManila :
_bTahanan Books for Young Readers,
_c1994.
300 _a24 p. :
_c21 cm.
541 _j1
562 _e1
650 _aBirds
_xPhilippines
_97030
942 _2lcc
_cBK-FIL
_kFIL
999 _c8339
_d8339